Коммутационные перенапряжения в сети с ненагруженным трансформатором; Современные техника и технологии; Т. 1

التفاصيل البيبلوغرافية
Parent link:Современные техника и технологии: 14 Международная научно-практическая конференция студентов, аспирантов и молодых ученых, г. Томск, 24-28 марта 2008 г./ Томский политехнический университет (ТПУ).— , 2008
Т. 1.— 2008.— С. 23-24
المؤلف الرئيسي: Гайтова М. Г.
مؤلفون آخرون: Лавринович В. А. (научный руководитель)
اللغة:الروسية
منشور في: 2008
الموضوعات:
التنسيق: فصل الكتاب
KOHA link:https://koha.lib.tpu.ru/cgi-bin/koha/opac-detail.pl?biblionumber=147899

MARC

LEADER 00000naa2a2200000 4500
001 147899
005 20231031145217.0
035 |a (RuTPU)RU\TPU\book\160317 
090 |a 147899 
100 |a 20081121d2008 k y0rusy50 ca 
101 0 |a rus 
102 |a RU 
200 1 |a Коммутационные перенапряжения в сети с ненагруженным трансформатором  |f М. Г. Гайтова  |g науч. рук. В. А. Лавринович 
320 |a Библиогр.: 3 назв. 
461 1 |0 (RuTPU)RU\TPU\book\156858  |t Современные техника и технологии  |o 14 Международная научно-практическая конференция студентов, аспирантов и молодых ученых, г. Томск, 24-28 марта 2008 г.  |o труды  |o в 3 т.  |f Томский политехнический университет (ТПУ)  |d 2008 
463 0 |0 (RuTPU)RU\TPU\book\155176  |t Т. 1  |v С. 23-24  |d 2008  |p 538 с. 
610 1 |a трансформаторы 
610 1 |a перенапряжения 
610 1 |a коммутационные перенапряжения 
610 1 |a электрические сети 
610 1 |a программные комплексы 
610 1 |a MATLAB 
610 1 |a физические модели 
610 1 |a компьютерные программы 
610 1 |a математические модели 
610 1 |a труды учёных ТПУ 
700 1 |a Гайтова  |b М. Г. 
702 1 |a Лавринович  |b В. А.  |4 727 
801 1 |a RU  |b 63413507  |c 20081121  |g PSBO 
801 2 |a RU  |b 63413507  |c 20141106  |g RCR 
942 |c BK